000 00846nam a2200265 i 4500
999 _c162515
_d162515
003 OSt
005 20180728112427.0
007 ta
008 180612s2016 cc a|||j |||| 00| 0 chi d
020 _a9787531876700
_cRM 22.30
_qsoft hardcover
040 _aPPAK
_beng
_cPPAK
_erda
082 _223
_a895.13
090 _a895.13
_bZHA
_dK
245 _aZhang zhang bu fa =
_bThe pace of growth /
_cCui Zhonglei
264 _aHarbin :
_bHeilongjiang Fine Arts Publishing House ;
_c2016
300 _a84 pages :
_bcolour illustrations ;
_c19 cm
336 _2rdacontent
_atext
337 _2rdamedia
_aunmediated
338 _2rdacarrier
_avolume
490 _aLittle Ben Bear Fairytale Encyclopedia
650 _aChildren's stories, Chinese
700 _aZhonglei, Cui,
_eeditor
830 _aLittle Ben Bear Fairytale Encyclopedia
942 _2ddc
_cB